Report made to the Philadelphia society for alleviating the miseries of public prisons, (Record no. 14422)

MARC details
000 -LEADER
fixed length control field 00702cam a22002051i 4500
001 - CONTROL NUMBER
control field ca 10005315
003 - CONTROL NUMBER IDENTIFIER
control field DLC
005 - DATE AND TIME OF LATEST TRANSACTION
control field 20260227111055.0
008 - FIXED-LENGTH DATA ELEMENTS--GENERAL INFORMATION
fixed length control field 830302s1872 pau 000 0 eng
010 ## - LIBRARY OF CONGRESS CONTROL NUMBER
LC control number ca 10005315
040 ## - CATALOGING SOURCE
Original cataloging agency DLC
Transcribing agency CarP
Modifying agency DLC
050 00 - LIBRARY OF CONGRESS CALL NUMBER
Classification number HV7243
Item number 1872m
110 2# - MAIN ENTRY--CORPORATE NAME
Corporate name or jurisdiction name as entry element Pennsylvania Prison Society.
245 00 - TITLE STATEMENT
Title Report made to the Philadelphia society for alleviating the miseries of public prisons,
260 ## - PUBLICATION, DISTRIBUTION, ETC.
Place of publication, distribution, etc. Philadelphia,
Name of publisher, distributor, etc. [Press of J.B. Chandler]
Date of publication, distribution, etc. 1872.
300 ## - PHYSICAL DESCRIPTION
Extent 101 p.
Dimensions 25 cm.
650 #0 - SUBJECT ADDED ENTRY--TOPICAL TERM
Topical term or geographic name entry element Prisons
Form subdivision Congress.
700 1# - ADDED ENTRY--PERSONAL NAME
Personal name Chandler, Joseph R.
Fuller form of name (Joseph Ripley),
Dates associated with a name 1792-1880.
711 2# - ADDED ENTRY--MEETING NAME
Meeting name or jurisdiction name as entry element International Penal and Prison Congress
Number of part/section/meeting (1st :
Date of meeting or treaty signing 1872 :
Location of meeting London, England)

No items available.

Powered by Koha